Library Banner

جوش اور خامہ بگوش (Record no. 80777)

MARC details
000 -LEADER
fixed length control field 00377nam a22001337a 4500
005 - DATE AND TIME OF LATEST TRANSACTION
control field 20151209104617.0
008 - FIXED-LENGTH DATA ELEMENTS--GENERAL INFORMATION
fixed length control field 151209b xxu||||| |||| 00| 0 eng d
040 ## - CATALOGING SOURCE
Transcribing agency PK-LaUMT
082 ## - DEWEY DECIMAL CLASSIFICATION NUMBER
Classification number MSC 920.9549143
Item number JOS-
245 ## - TITLE STATEMENT
Title جوش اور خامہ بگوش
Statement of responsibility, etc عبدالرحمن طارق(مرتب
260 ## - PUBLICATION, DISTRIBUTION, ETC. (IMPRINT)
Place of publication, distribution, etc کراچی
Name of publisher, distributor, etc فضلی سنز
Date of publication, distribution, etc [ ]
300 ## - PHYSICAL DESCRIPTION
Extent 127 ص
942 ## - ADDED ENTRY ELEMENTS (KOHA)
Koha item type Books
Holdings
Withdrawn status Lost status Damaged status Home library Current library Date acquired Full call number Barcode Date last seen Price effective from Koha item type
      UMT Main Campus UMT Main Campus 2015-12-09 MSC 920.9549143 JOS- 95002 2015-12-09 2015-12-09 Books